00379nam a22001337a 450000500170000000800410001704100230005808200130008110000230009424500350011726000370015230000310018965000250022020240823100405.0240823b |||||||| |||| 00| 0 eng d aEnglish/Afrikaans  a349 LAW  lEnglish/Afrikaans  aThe Laws of South Africa 1964  aWindhoek: bBy Authority, c1964 blxvii, 43 pages; c24 cm.  aLegal practice bLaw